00398nam a2200157Ia 4500001000500000005001700005008004100022041000800063082002000071100002800091245006300119260000900182300003300191650000800224654000800232803520260306160539.0260306t2013||||xx |||||||||||||| ||spa|| aESP a370.1bC75 V. 5 aChocano, MagdalenaeAUT 0aEducación del ciudadano y disciplina social, 1821 - 1860 c2013 axxv, 262 páginas :c26 cm. aGEN aCED